COMPLEX VARIABLES AND APPLICATIONS (Record no. 23420)
[ view plain ]
| 000 -LEADER | |
|---|---|
| fixed length control field | 00560cam a2200229ua 4500 |
| 008 - FIXED-LENGTH DATA ELEMENTS--GENERAL INFORMATION | |
| fixed length control field | 190710n2016 II |||gr||||Z||||||eng |
| 040 ## - CATALOGING SOURCE | |
| Original cataloging agency | MAIN |
| 041 ## - LANGUAGE CODE | |
| -- | English |
| 041 ## - LANGUAGE CODE | |
| -- | eng |
| 082 ## - DEWEY DECIMAL CLASSIFICATION NUMBER | |
| Classification number | 515.9 BRO |
| 100 ## - MAIN ENTRY--PERSONAL NAME | |
| Personal name | BROWN, JAMES WARD. |
| 245 ## - TITLE STATEMENT | |
| Title | COMPLEX VARIABLES AND APPLICATIONS |
| 250 ## - EDITION STATEMENT | |
| Edition statement | 7TH REP. |
| 260 ## - PUBLICATION, DISTRIBUTION, ETC. | |
| Place of publication, distribution, etc. | NEW DELHI |
| Name of publisher, distributor, etc. | MCGREW HILL |
| Date of publication, distribution, etc. | 2016 |
| 300 ## - PHYSICAL DESCRIPTION | |
| Extent | 468.: |
| Dimensions | 20CM. |
| 500 ## - GENERAL NOTE | |
| General note | RUSA |
| 700 ## - ADDED ENTRY--PERSONAL NAME | |
| Personal name | BROWN, JAMES WARD., |
| Relator term | AUTHOR. |
| 700 ## - ADDED ENTRY--PERSONAL NAME | |
| Personal name | CHURCHIL, R.V., |
| Relator term | AUTHOR. |
| 942 ## - ADDED ENTRY ELEMENTS (KOHA) | |
| Koha item type | Books |
| 653 ## - INDEX TERM--UNCONTROLLED | |
| Uncontrolled term | Complex Variables |
| Withdrawn status | Lost status | Damaged status | Not for loan | Collection code | Home library | Current library | Shelving location | Date acquired | Full call number | Barcode | Date last seen | Copy number | Price effective from | Koha item type | Public note |
|---|---|---|---|---|---|---|---|---|---|---|---|---|---|---|---|
| TBPHY | Central Library and Information Centre Sibsagar Girls College | Central Library and Information Centre Sibsagar Girls College | PHYSICS BOOK RACK | 28.08.2017 | 515.9 BRO | 37627 | 27.02.2020 | 1 | 27.02.2020 | Books | V | ||||
| TBPHY | Central Library and Information Centre Sibsagar Girls College | Central Library and Information Centre Sibsagar Girls College | PHYSICS BOOK RACK | 28.08.2017 | 515.9 BRO | 37628 | 27.02.2020 | 2 | 27.02.2020 | Books | V | ||||
| TBPHY | Central Library and Information Centre Sibsagar Girls College | Central Library and Information Centre Sibsagar Girls College | PHYSICS BOOK RACK | 28.08.2017 | 515.9 BRO | 37629 | 27.02.2020 | 3 | 27.02.2020 | Books | V |